|
|
|
|
| LEADER |
01181cam a2200349 a 4500 |
| 001 |
c000403851 |
| 003 |
CARM |
| 005 |
20190415150441.0 |
| 008 |
190415s1982 nyua 001 0 eng |
| 010 |
|
|
|a 82009966
|
| 019 |
1 |
|
|a 2245581
|5 LACONCORD2021
|
| 020 |
|
|
|a 0026045109
|
| 035 |
|
|
|a (OCoLC)8494044
|5 LACONCORD2021
|
| 040 |
|
|
|a DLC
|b eng
|c DLC
|d DLC
|
| 050 |
0 |
0 |
|a QB981
|b .R65 1982
|
| 100 |
1 |
|
|a Ronan, Colin A.
|q (Colin Alistair),
|d 1920-
|
| 245 |
1 |
0 |
|a Deep space /
|c Colin A. Ronan.
|
| 250 |
|
|
|a 1st American ed.
|
| 260 |
|
|
|a New York :
|b Macmillan,
|c 1982.
|
| 300 |
|
|
|a 208 p. :
|b ill. (some col.) ;
|c 30 cm.
|
| 500 |
|
|
|a Includes index.
|
| 650 |
|
0 |
|a Outer space.
|
| 650 |
|
0 |
|a Cosmology.
|
| 651 |
|
0 |
|a Outer space.
|
| 852 |
8 |
|
|b CARM
|i F10918
|p 0654396
|f BK
|
| 852 |
8 |
|
|b SCAN
|h A3:AJ33B0
|i F10918
|p 0654396
|f BK
|
| 852 |
8 |
|
|b SCAN
|h A3:AJ33B0
|i F10918
|p 0654396
|f BK
|
| 082 |
0 |
4 |
|a 523.1
|
| 082 |
0 |
4 |
|a 520
|2 20
|
| 999 |
f |
f |
|i 43037ef0-dcfa-5578-a32c-666251e372ed
|s bad1e69c-31e0-51db-8b92-287b5607b73a
|
| 952 |
f |
f |
|p Can circulate
|a CAVAL
|b CAVAL
|c CAVAL
|d CARM 1 Store
|e F10918
|h Other scheme
|i book
|m 0654396
|
| 952 |
f |
f |
|a CAVAL
|b CAVAL
|c CAVAL
|d Unmapped Location
|e F10918
|f A3:AJ33B0
|h Other scheme
|